Statistiques concernant Football - Tous les matchs internationaux de Monaco

Cliquez ici pour prendre le quiz!

Statistiques générales

  • Ce quiz a été pris 29 fois
  • Le résultat moyen est 7 sur 28

Statistiques - réponses

ScoreAdversaireIndice sur l'adversaire% Correct
0-0VaticanMicro-État
69%
2-1VaticanMicro-État
69%
0-0VaticanMicro-État
69%
2-0VaticanMicro-État
69%
2-0VaticanMicro-État
69%
2-1TibetRégion chinoise
50%
0-4GibraltarTerritoire britannique d'outre-mer
35%
0-4GibraltarTerritoire britannique d'outre-mer
35%
2-2GibraltarTerritoire britannique d'outre-mer
35%
1-6ProvenceRégion française
31%
2-3ProvenceRégion française
31%
14-0LaponieRégion des Samis
12%
1-21LaponieRégion des Samis
12%
1-1OccitanieRégion française
12%
3-2OccitanieRégion française
12%
2-1OccitanieRégion française
12%
0-0OccitanieRégion française
12%
2-2OccitanieRégion française
12%
4-3Piacenza FCClub de Série D
4%
13-1TchétchénieRépublique Russe
4%
0-0AS MarsaClub tunisien
0%
3-2CallasClub du Var
0%
1-1CallasClub du Var
0%
3-0Cameroun du SudRégion du Cameroun
0%
5-2FC LuccianaClub Corse
0%
1-7KosovoPays
0%
2-1NK OrijentClub croate de seconde division
0%
2-3NK OrijentClub croate de seconde division
0%

Distribution des résultats

Percentile par nombre de réponses

% des personnes avec chaque résultat

Votre développement - résultats

Vous n’avez pas pris ce quiz